Name every „Endacopia“ Character - Statistics

General Stats
  • This quiz has been taken 46 times
  • The average score is 8 of 12
Answer Stats
Hint Answer % Correct
Main Character Mellow
96%
Main character‘s first friend or something Tip
83%
Hits the main character‘s head Henry
79%
Beautiful Creature „Genius“
67%
PLEASE LET ME ENTER THE HALLWAY Clockey
63%
Feed me Wall Bank
63%
In the Demo Ending Andy
58%
I thought it was a mouse- WHY ARE THERE COINS IN IT NOW. Cockroach
58%
Can lead you to a very scary easter egg Lights
54%
„Guardian Angel“ Player/You
54%
I got the cheese, time to go back… wait why do i have to spam A Vent Tentacle
50%
Is that a billy bass? Fish
25%
No matching quizzes found
Score Distribution
Percent of People with Each Score
Percentile by Number Answered
Your Score History
You have not taken this quiz